Taylor Swift - Devine la chanson sans indices #22 - Statistiques

Statistiques générales
  • Ce quiz a été pris 422 fois
  • Le résultat moyen est 229 sur 337
Statistiques - réponses
Réponse % Correct
I
100%
a
98%
A
98%
you
98%
You
98%
the
95%
The
95%
we
91%
your
89%
Your
89%
be
88%
me
88%
an
86%
to
86%
To
86%
And
84%
and
84%
on
84%
was
82%
Was
82%
are
81%
in
80%
is
80%
it
80%
my
80%
they
80%
When
80%
when
80%
I'm
78%
But
75%
like
74%
know
72%
all
71%
for
71%
what
71%
said
69%
this
67%
knew
66%
of
65%
'Cause
64%
cardigan
63%
one
63%
young
63%
nothin'
62%
old
61%
now
59%
favorite
57%
put
57%
assume
56%
bed
56%
come
56%
friend
56%
new
56%
nothing
56%
someone's
56%
felt
55%
under
55%
Under
55%
around
54%
back
54%
kiss
53%
none
53%
time
53%
you'd
53%
You'd
53%
brand
52%
girls
52%
High
52%
I'd
52%
phone
52%
bleedin'
51%
lose
51%
scars
51%
would
51%
stars
50%
two
50%
Baby
49%
drew
49%
heels
48%
needed
48%
Vintage
48%
everything
47%
tee
47%
better
46%
cars
46%
Chase
46%
Dancin'
46%
bars
45%
downtown
45%
long
45%
Hand
44%
water
43%
black
42%
last
42%
politics
42%
lipstick
41%
Peter
40%
sweatshirt
40%
Wendy
40%
losing
39%
Once
39%
once
39%
Sensual
39%
light
38%
longest
38%
Running
38%
father
37%
tatoo
37%
cobblestones
36%
Levi's
36%
streetlight
36%
Drunk
35%
Giving
35%
Leavin'
35%
Line
35%
line
35%
porch
35%
smile
35%
standing
35%
front
34%
ifs
34%
miss
34%
change
33%
weekends
33%
curse
32%
ending
32%
expired
32%
haunt
32%
lifetimes
31%
Chasin'
30%
grocery
29%
shadows
29%
thrill
28%
bloodstain
27%
hide
27%
linger
27%
Playing
27%
seek
27%
Sequin
27%
smell
27%
train
27%
hang
26%
Tried
26%
Marked
25%
smoke
25%
Steppin'
21%
heartbeat
20%
20
19%
Aucun quiz correspondant
Distribution des résultats
% des personnes avec chaque résultat
Percentile par nombre de réponses
Votre historique - résultats
Vous n’avez pas pris ce quiz